000 00434 a2200133 4500
005 20250516140059.0
020 _a0 471 90841 X
082 _a658.403 TIL
245 _aQuantitative Methods in Management : Case Studies of Failures and Successes.
260 _aNew York,
_bJohn Wiley & Sons
_c1983.
300 _axvi, 279p.: ill.; figure, table
_bIndex
_c23cm.
700 _aTILANUS, C. B. & GANS, O. B. & LENSTRA, J. K.
942 _2ddc
_cBKS
999 _c2415
_d2415